000 00364nam a2200133Ia 4500
008 240624s9999 xx 000 0 und d
041 _aeng
082 _a828 GOL
100 _aGOLDIN IAN
245 _aAGE OF DISCOVERY NAVIGATING THE RISKS AND REWARDS OF OUR NE
260 _c2016
_aNew York
_bSt. Martin's Press
300 _axiv, 304 p.; 23 cm.
365 _c
_b33
999 _c32109
_d32109